|
|
|
|
| LEADER |
01412nam a2200397 a 4500 |
| 001 |
000548843 |
| 003 |
CZ BrMZK |
| 005 |
20070709110108.0 |
| 007 |
ta |
| 008 |
000115s2000 xr e p cze d |
| 015 |
|
|
|a cnb000990311
|
| 020 |
|
|
|a 80-213-0680-7
|
| 035 |
|
|
|a (OCoLC)39105744
|
| 040 |
|
|
|a BOA001
|b cze
|
| 072 |
|
7 |
|a 316
|x Sociologie
|2 Konspekt
|9 18
|
| 072 |
|
7 |
|a 37.016
|x Učební osnovy. Vyučovací předměty. Učebnice
|2 Konspekt
|9 22
|
| 080 |
|
|
|a 316
|2 MRF
|
| 080 |
|
|
|a 316.334.55
|2 MRF
|
| 080 |
|
|
|a 316.33:631
|2 MRF
|
| 080 |
|
|
|a (075.8)
|2 MRF
|
| 100 |
1 |
|
|a Hudečková, Helena,
|d 1947-
|7 jn20010309021
|
| 245 |
1 |
0 |
|a Sociologie II /
|c Helena Hudečková, Michal Lošťák
|
| 250 |
|
|
|a Vyd. 2.
|
| 260 |
|
|
|a V Praze :
|b Česká zemědělská univerzita,
|c 2000
|
| 300 |
|
|
|a 137 s. ;
|c 21 cm
|
| 500 |
|
|
|a Určeno pro posl. všech oborů ČZU
|
| 500 |
|
|
|a Bibliogr.
|
| 650 |
0 |
7 |
|a sociologie
|7 ph116198
|2 czenas
|
| 650 |
0 |
7 |
|a sociologie venkova
|7 ph125763
|2 czenas
|
| 650 |
0 |
7 |
|a sociologie zemědělství
|7 ph125767
|2 czenas
|
| 655 |
|
7 |
|a učebnice vysokých škol
|7 fd133772
|2 czenas
|
| 700 |
1 |
|
|a Lošťák, Michal,
|d 1963-
|7 jn20010309022
|
| 710 |
2 |
|
|a Česká zemědělská univerzita v Praze.
|b Katedra humanitních věd
|7 kn20020321511
|
| 910 |
|
|
|a BOA001
|b 2-1081.682
|
| 990 |
|
|
|a BK
|
| 996 |
6 |
|
|b 2610128741
|c 2-1081.682
|l MZK
|r Sklad / do 1 hodiny
|n 3
|p p.v.
|w 000548843
|u 000010
|a 1
|e BOA001
|j MZK50
|s P
|